भारतीय अर्थव्‍यवस्‍था व महाराष्ट्राची अर्थव्‍यवस्‍था (Record no. 19858)

MARC details
000 -LEADER
fixed length control field 00589nam a2200181Ia 4500
008 - FIXED-LENGTH DATA ELEMENTS--GENERAL INFORMATION
fixed length control field 220531s9999 xx 000 0 und d
041 ## - LANGUAGE CODE
Language code of text/sound track or separate title mar
082 ## - DEWEY DECIMAL CLASSIFICATION NUMBER
Item number DAS
100 ## - MAIN ENTRY--PERSONAL NAME
Personal name दास्‍ताने आणि इतर
9 (RLIN) 31775
245 ## - TITLE STATEMENT
Title भारतीय अर्थव्‍यवस्‍था व महाराष्ट्राची अर्थव्‍यवस्‍था
250 ## - EDITION STATEMENT
Edition statement 1ST
260 ## - PUBLICATION, DISTRIBUTION, ETC. (IMPRINT)
Place of publication, distribution, etc. Mumbai
Name of publisher, distributor, etc. Seth
Date of publication, distribution, etc. 1992
300 ## - PHYSICAL DESCRIPTION
Extent 249
542 ## - INFORMATION RELATING TO COPYRIGHT STATUS
Copyright holder 01-01-2010
650 ## - SUBJECT ADDED ENTRY--TOPICAL TERM
Topical term or geographic name as entry element Economics
9 (RLIN) 31776
906 ## - LOCAL DATA ELEMENT F, LDF (RLIN)
d 2009-2010
-- 2014-2015
f 2739
Holdings
Withdrawn status Lost status Source of classification or shelving scheme Damaged status Not for loan Collection code Home library Current library Date acquired Cost, normal purchase price Total Checkouts Total Holds Full call number Barcode Date last seen Bill Date Koha item type Original Barcode
Withdrawn   Dewey Decimal Classification       Shri Siddhivinayak Mahila Mahavidyalaya Shri Siddhivinayak Mahila Mahavidyalaya 01/01/2010 50.00   1 /DAS/B/839 SSMM-BK-839 06/08/2022 06/08/2022 Books 010000839